怪物童話

資料類型: Book 圖書   書目號:28008

Leader xxxxxxxxxx
001 __ .b16892318
005 __ 19961023204007.0
008 __                                    chi  
010 0_ |a957-8932-73-1|b平裝|d新臺幣250元
010 1_ |a9578932731|bpbk.|dNT$250
020 __ |acw|b85009975
100 __ |a19960906d1996       y0chiy09      e.
101 0_ |achi.
102 __ |acw.
105 __ |aa   z   000fy.
200 1_ |a怪物童話|e|f張嘉驊著|g季青圖.
205 __ |a初版.
210 __ |a臺北市|c民生報出版|c聯經總經銷|d1996[民85]
215 0_ |a221面|c|d21公分.
225 1_ |a民生報兒童天地叢書.|v
225 1_ |a童話小屋|v6.
260 1_ |a1996.
681 __ |a859.4.
700 _1 |a|b嘉驊.|4
702 _1 |a季青.
801 _0 |acw|bNCL|c19960906.
801 _1 |acw|bNCL|c19960906.
801 _2 |acw|bTUL|c19980624.
詳細館藏(共 1 筆)
索 書 號登 錄 號冊次號館別 / 館藏地流通類型狀態加入預約清單電子資源
859.4 / 8745 1012315  圖書館 / 一樓普通區 可外借30天 在館   

| 條列資料




目錄查詢 分類查詢 個人資料 圖書薦購 新書查詢 閉館日 排行榜 更多電子資源 Hami書城 線上資料庫 登出

From : 216.73.216.116

  本日流通累計至 03:17:31 借閱 : 0 次 續借 : 0 次 歸還 : 0 次 預約 : 0 次 電子資源 : 0 次


內湖高中圖書館  PCLIS 版本  25.5.0.2